000 00676nam a2200193Ia 4500
003 GCL
008 140319s9999 xx 000 0 ara d
040 _aGCL /
_cGCL
082 0 4 _a808.3
_bز م
100 1 _aزهير شليبه
245 1 0 _aميخائيل باختين ودراسات اخرى عن الرواية /
_cزهير شليبه
250 _aالاولى
260 _aسوريا :
_bدار حوران للدراسات والطباعة والنشر والتوزيع ،
_c2001
300 _a131 ص ؛
_c20 سم
650 0 4 _aالقصص - تاريخ ونقد
650 0 4 _aالادباء - تراجم
650 0 4 _aميخائيل باختين
942 _2ddc
_cBK
999 _c7420
_d7420